Landwirt in Europa Kontraste in den EG-Regionen
Na minha lista:
| Autor principal: | |
|---|---|
| Formato: | Livro |
| Idioma: | alemão |
| Publicado em: |
Frankfurt am Main
DLG
1990
|
| Edição: | 1. Aufl. |
| Assuntos: | |
| Tags: |
Sem tags, seja o primeiro a adicionar uma tag!
|
MARC
| LEADER | 00000nam a2200000 4500 | ||
|---|---|---|---|
| 001 | c000732 | ||
| 005 | 20221215125401.8 | ||
| 020 | |a 3-7690-0479-5 | ||
| 041 | 0 | |a ger | |
| 044 | |a DE | ||
| 245 | 1 | 0 | |a Landwirt in Europa |b Kontraste in den EG-Regionen |c Günther Thiede |
| 250 | |a 1. Aufl. | ||
| 264 | 1 | |a Frankfurt am Main |b DLG |c 1990 | |
| 300 | |a 254 s. | ||
| 610 | 2 | 0 | |a výroba rastlinná |
| 610 | 2 | 0 | |a výroba živočíšna |
| 610 | 2 | 0 | |a podnik poľnohospodársky |
| 610 | 2 | 0 | |a politika poľnohospodárska |
| 610 | 2 | 0 | |a Európske spoločenstvá |
| 610 | 2 | 0 | |a ekonomika priestorová |
| 100 | 1 | |a Thiede, Günther | |